Auditoría forense en la investigación criminal del lavado de dinero y activos (Registro nro. 713)

Detalles MARC
000 -Cabecera
Campo de control de longitud fija 00894aam a2200313 4500
005 - Fecha y hora de la última transacción
Campo de control 20260319120747.0
008 - Elementos de longitud fija--Información general
Campo de control de longitud fija 150902b2001 xxu||||| |||| 00| 0 spa d
020 ## - International Standard Book Number
Número Internacional Estándar del Libro (ISBN) 9586483762
041 ## - Idioma
Código de idioma Español
082 ## - Clasificación Decimal Dewey
Número de clasificación 364.17 C227a
100 ## - Entrada principal--Autor personal
Nombre personal Cano Castaño, Miguel Antonio
9 (RLIN) 13163
100 ## - Entrada principal--Autor personal
Nombre personal Lugo C, Danilo
9 (RLIN) 13164
245 ## - Título propiamente dicho
Título Auditoría forense en la investigación criminal del lavado de dinero y activos
260 ## - Pie de imprenta
Lugar de publicación, distribución, etc. Colombia
260 ## - Pie de imprenta
Nombre del editor, distribuidor, etc. ECOE
260 ## - Pie de imprenta
Fecha de publicación, distribución, etc. 2001
300 ## - Descripción física
Extensión 368 páginas
490 ## - Serie
Título de la Serie Investigación Criminal
505 ## - Nota de contenido
Nota de contenido Contiene disco compacto N 316
650 ## - Materia general
Temática (materia general) DELITOS DE CUELLO BLANCO
650 ## - Materia general
Temática (materia general) DELITO FINANCIERO
650 ## - Materia general
Temática (materia general) AUDITORÍA FORENSE
650 ## - Materia general
Temática (materia general) LAVADO DE DINERO
650 ## - Materia general
Temática (materia general) LAVADO DE ACTIVOS
650 ## - Materia general
Temática (materia general) LEY DE BIOTERRORISMO
650 ## - Materia general
Temática (materia general) ADMINISTRACIÓN DE RIESGO
650 ## - Materia general
Temática (materia general) CONTROL INTERNO
942 ## - Punto de acceso adicional KOHA
Tipo de ítem KOHA Libro
Fuente del sistema de clasificación o colocación Dewey Decimal Classification
Existencias
Signatura completa Código de barras Programa Académico Tipo de ítem
364.17 C227a 3541 Investigación Criminal Libro
364.17 C227a 11940 Investigación Criminal Libro